[Event "World Youth & Cadets Rapid Championships"]
[Site "Rhodes, Greece"]
[Date "2022.05.01"]
[Round "2.5"]
[White "Tobak, Mikhail"]
[Black "Olenik Campa, Rudi"]
[Result "1-0"]
[TimeControl "10'/game & 5\"/move"]
[WhiteElo "2159"]
[BlackElo "1917"]

1. e4 {[%clk 00:10:07]} {[%emt 00:00:01]} c5 {[%clk 00:10:09]} {[%emt
00:00:02]} 2. Nf3 {[%clk 00:10:11]} {[%emt 00:00:01]} Nc6 {[%clk 00:10:12]}
{[%emt 00:00:02]} 3. Bb5 {[%clk 00:10:13]} {[%emt 00:00:02]} g6 {[%clk
00:10:16]} {[%emt 00:00:02]} 4. O-O {[%clk 00:10:12]} {[%emt 00:00:06]} Bg7
{[%clk 00:10:19]} {[%emt 00:00:01]} 5. c3 {[%clk 00:10:16]} {[%emt 00:00:02]}
Nf6 {[%clk 00:10:23]} {[%emt 00:00:01]} 6. Re1 {[%clk 00:10:20]} {[%emt
00:00:02]} O-O {[%clk 00:10:26]} {[%emt 00:00:02]} 7. h3 {[%clk 00:10:21]}
{[%emt 00:00:04]} e5 {[%clk 00:10:14]} {[%emt 00:00:17]} 8. d3 {[%clk
00:10:10]} {[%emt 00:00:15]} d6 {[%clk 00:10:17]} {[%emt 00:00:02]} 9. Nbd2
{[%clk 00:10:12]} {[%emt 00:00:03]} h6 {[%clk 00:10:13]} {[%emt 00:00:10]} 10.
Nf1 {[%clk 00:10:11]} {[%emt 00:00:05]} Be6 {[%clk 00:10:04]} {[%emt 00:00:14]}
11. Bc4 {[%clk 00:10:04]} {[%emt 00:00:13]} d5 {[%clk 00:09:42]} {[%emt
00:00:27]} 12. exd5 {[%clk 00:10:05]} {[%emt 00:00:04]} Nxd5 {[%clk 00:09:45]}
{[%emt 00:00:02]} 13. Ne3 {[%clk 00:09:50]} {[%emt 00:00:19]} Nc7 {[%clk
00:08:50]} {[%emt 00:01:00]} 14. Bxe6 {[%clk 00:09:47]} {[%emt 00:00:08]} Nxe6
{[%clk 00:08:53]} {[%emt 00:00:02]} 15. Ng4 {[%clk 00:09:38]} {[%emt 00:00:14]}
Nf4 {[%clk 00:08:27]} {[%emt 00:00:31]} 16. d4 {[%clk 00:09:23]} {[%emt
00:00:20]} cxd4 {[%clk 00:07:22]} {[%emt 00:01:10]} 17. cxd4 {[%clk 00:09:27]}
{[%emt 00:00:01]} e4 {[%clk 00:06:12]} {[%emt 00:01:15]} 18. Rxe4 {[%clk
00:08:59]} {[%emt 00:00:33]} Nxh3+ {[%clk 00:06:10]} {[%emt 00:00:07]} 19. gxh3
{[%clk 00:08:51]} {[%emt 00:00:13]} f5 {[%clk 00:06:14]} 20. Qb3+ {[%clk
00:08:13]} {[%emt 00:00:43]} Kh7 {[%clk 00:06:05]} {[%emt 00:00:14]} 21. Nxh6
{[%clk 00:07:55]} {[%emt 00:00:24]} fxe4 {[%clk 00:04:42]} {[%emt 00:01:27]} 22.
Ng5+ {[%clk 00:07:58]} {[%emt 00:00:02]} Qxg5+ {[%clk 00:03:59]} {[%emt
00:00:49]} 23. Bxg5 {[%clk 00:07:59]} {[%emt 00:00:03]} Nxd4 {[%clk 00:04:02]}
{[%emt 00:00:02]} 24. Qd5 {[%clk 00:07:09]} {[%emt 00:00:55]} Nf3+ {[%clk
00:03:54]} {[%emt 00:00:14]} 25. Kg2 {[%clk 00:07:12]} {[%emt 00:00:01]} Nxg5
{[%clk 00:03:16]} {[%emt 00:00:44]} 26. Qxg5 {[%clk 00:07:15]} {[%emt
00:00:02]} Bxh6 {[%clk 00:03:19]} {[%emt 00:00:02]} 27. Qe7+ {[%clk 00:07:19]}
Bg7 {[%clk 00:03:23]} {[%emt 00:00:01]} 28. Qxe4 {[%clk 00:07:17]} {[%emt
00:00:06]} b6 {[%clk 00:03:18]} {[%emt 00:00:11]} 29. Re1 {[%clk 00:07:09]}
{[%emt 00:00:11]} Rad8 {[%clk 00:03:20]} {[%emt 00:00:04]} 30. Re2 {[%clk
00:07:07]} {[%emt 00:00:06]} Rd7 {[%clk 00:02:47]} {[%emt 00:00:40]} 31. Qh4+
{[%clk 00:06:47]} {[%emt 00:00:25]} Kg8 {[%clk 00:02:51]} {[%emt 00:00:01]} 32.
Re7 {[%clk 00:06:44]} {[%emt 00:00:08]} Rxe7 {[%clk 00:02:53]} {[%emt
00:00:03]} 33. Qxe7 {[%clk 00:06:47]} {[%emt 00:00:01]} Rf7 {[%clk 00:02:52]}
{[%emt 00:00:06]} 34. Qe8+ {[%clk 00:06:50]} {[%emt 00:00:02]} Bf8 {[%clk
00:02:56]} {[%emt 00:00:01]} 35. b4 {[%clk 00:06:04]} {[%emt 00:00:51]} Kg7
{[%clk 00:03:00]} {[%emt 00:00:02]} 36. a3 {[%clk 00:06:08]} {[%emt 00:00:01]}
Rf5 {[%clk 00:02:23]} {[%emt 00:00:41]} 37. h4 {[%clk 00:05:56]} {[%emt
00:00:17]} a5 {[%clk 00:02:12]} {[%emt 00:00:17]} 38. Qd7+ {[%clk 00:05:52]}
{[%emt 00:00:08]} Kh6 {[%clk 00:01:56]} {[%emt 00:00:22]} 39. Qd4 {[%clk
00:05:44]} {[%emt 00:00:13]} Kh5 {[%clk 00:01:20]} {[%emt 00:00:40]} 40. Qxb6
{[%clk 00:05:07]} {[%emt 00:00:42]} axb4 {[%clk 00:01:24]} {[%emt 00:00:02]} 41.
axb4 {[%clk 00:05:09]} {[%emt 00:00:02]} Kxh4 {[%clk 00:01:27]} {[%emt
00:00:02]} 42. b5 {[%clk 00:04:45]} {[%emt 00:00:29]} Bc5 {[%clk 00:01:24]}
{[%emt 00:00:08]} 43. Qd8+ {[%clk 00:04:49]} {[%emt 00:00:01]} Kh5 {[%clk
00:01:15]} {[%emt 00:00:14]} 44. f3 {[%clk 00:04:38]} {[%emt 00:00:16]} Kh6
{[%clk 00:00:50]} {[%emt 00:00:30]} 45. b6 {[%clk 00:03:47]} {[%emt 00:00:56]}
Bxb6 {[%clk 00:00:54]} {[%emt 00:00:01]} 46. Qxb6 {[%clk 00:03:51]} {[%emt
00:00:02]} Rg5+ {[%clk 00:00:58]} {[%emt 00:00:01]} 47. Kf2 {[%clk 00:03:45]}
{[%emt 00:00:10]} Rf5 {[%clk 00:01:03]} {[%emt 00:00:01]} 48. Ke3 {[%clk
00:03:47]} {[%emt 00:00:02]} Kg5 {[%clk 00:01:01]} {[%emt 00:00:07]} 49. Qe6
{[%clk 00:03:42]} {[%emt 00:00:10]} Kh6 {[%clk 00:00:55]} {[%emt 00:00:12]} 50.
Ke4 {[%clk 00:03:42]} {[%emt 00:00:04]} Rh5 {[%clk 00:00:50]} {[%emt 00:00:10]}
51. Qg8 {[%clk 00:03:40]} {[%emt 00:00:06]} Rf5 {[%clk 00:00:41]} {[%emt
00:00:15]} 52. f4 {[%clk 00:03:40]} {[%emt 00:00:05]} 1-0

[Event "World Youth & Cadets Rapid Championships"]
[Site "Rhodes, Greece"]
[Date "2022.05.01"]
[Round "2.6"]
[White "Trushko, Andrii"]
[Black "Kovalskyi, Roman"]
[Result "1-0"]
[TimeControl "10'/game & 5\"/move"]
[WhiteElo "2065"]
[BlackElo "1897"]

1. d4 {[%clk 00:10:09]} d5 {[%clk 00:10:09]} {[%emt 00:00:01]} 2. Bf4 {[%clk
00:10:12]} {[%emt 00:00:02]} c5 {[%clk 00:10:10]} {[%emt 00:00:05]} 3. e3
{[%clk 00:10:15]} {[%emt 00:00:01]} Nc6 {[%clk 00:10:12]} {[%emt 00:00:03]} 4.
c3 {[%clk 00:10:18]} {[%emt 00:00:01]} Nf6 {[%clk 00:10:14]} {[%emt 00:00:04]}
5. Nd2 {[%clk 00:10:22]} {[%emt 00:00:01]} g6 {[%clk 00:10:16]} {[%emt
00:00:02]} 6. Ngf3 {[%clk 00:10:25]} {[%emt 00:00:02]} Bg7 {[%clk 00:10:20]}
{[%emt 00:00:02]} 7. Be2 {[%clk 00:10:28]} {[%emt 00:00:01]} O-O {[%clk
00:10:22]} {[%emt 00:00:03]} 8. Ne5 {[%clk 00:10:26]} {[%emt 00:00:07]} Nxe5
{[%clk 00:10:06]} {[%emt 00:00:21]} 9. Bxe5 {[%clk 00:10:29]} {[%emt 00:00:02]}
Nd7 {[%emt 00:00:01]} 10. Bxg7 {[%clk 00:10:32]} {[%emt 00:00:02]} Kxg7 {[%clk
00:10:15]} 11. f4 {[%clk 00:10:29]} {[%emt 00:00:08]} b6 {[%clk 00:10:01]}
{[%emt 00:00:19]} 12. g4 {[%clk 00:10:07]} {[%emt 00:00:26]} e5 {[%clk
00:08:37]} {[%emt 00:01:30]} 13. dxe5 {[%clk 00:09:46]} {[%emt 00:00:26]} Qh4+
{[%clk 00:08:37]} {[%emt 00:00:05]} 14. Kf1 {[%clk 00:09:50]} Qh3+ {[%clk
00:05:57]} {[%emt 00:02:45]} 15. Kf2 {[%clk 00:09:53]} {[%emt 00:00:01]} f6
{[%clk 00:06:00]} {[%emt 00:00:02]} 16. e6 {[%clk 00:09:18]} {[%emt 00:00:40]}
Nb8 {[%clk 00:05:28]} {[%emt 00:00:37]} 17. Nf3 {[%clk 00:07:56]} {[%emt
00:01:28]} Bxe6 {[%clk 00:05:17]} {[%emt 00:00:16]} 18. Rg1 {[%clk 00:07:48]}
{[%emt 00:00:12]} Bxg4 {[%clk 00:03:27]} {[%emt 00:01:55]} 19. Qxd5 {[%clk
00:07:50]} {[%emt 00:00:03]} Nd7 {[%clk 00:03:31]} {[%emt 00:00:01]} 20. Rxg4
{[%clk 00:07:52]} {[%emt 00:00:04]} Qxg4 {[%clk 00:03:34]} {[%emt 00:00:01]} 21.
Rg1 {[%clk 00:07:56]} {[%emt 00:00:02]} Qh3 {[%clk 00:02:01]} {[%emt 00:01:38]}
22. Rg3 {[%clk 00:07:58]} {[%emt 00:00:03]} Qh6 {[%clk 00:02:05]} 23. Qxd7+
{[%clk 00:08:01]} {[%emt 00:00:02]} Rf7 {[%clk 00:02:09]} 24. Qe6 {[%clk
00:08:03]} {[%emt 00:00:02]} Rd8 {[%clk 00:01:41]} {[%emt 00:00:34]} 25. Rh3
{[%clk 00:08:01]} {[%emt 00:00:07]} Rd6 {[%clk 00:01:10]} {[%emt 00:00:35]} 26.
Qg4 {[%clk 00:07:37]} {[%emt 00:00:29]} f5 {[%clk 00:00:48]} {[%emt 00:00:27]}
27. Qg3 {[%clk 00:07:38]} {[%emt 00:00:04]} Re7 {[%clk 00:00:47]} {[%emt
00:00:07]} 28. Rxh6 {[%clk 00:07:40]} {[%emt 00:00:02]} Kxh6 {[%clk 00:00:50]}
{[%emt 00:00:02]} 29. Qh4+ {[%clk 00:07:44]} {[%emt 00:00:01]} 1-0

[Event "World Youth & Cadets Rapid Championships"]
[Site "Rhodes, Greece"]
[Date "2022.05.01"]
[Round "2.7"]
[White "Franc, Borna"]
[Black "Pidluznij, Gleb"]
[Result "0-1"]
[TimeControl "10'/game & 5\"/move"]
[WhiteElo "1874"]
[BlackElo "2051"]

1. e4 {[%clk 00:10:09]} c5 {[%clk 00:10:09]} {[%emt 00:00:02]} 2. d4 {[%clk
00:10:12]} {[%emt 00:00:02]} cxd4 {[%clk 00:10:11]} {[%emt 00:00:02]} 3. c3
{[%clk 00:10:16]} {[%emt 00:00:01]} Nf6 {[%clk 00:10:04]} {[%emt 00:00:12]} 4.
e5 {[%clk 00:10:20]} {[%emt 00:00:01]} Nd5 {[%clk 00:10:07]} {[%emt 00:00:02]}
5. cxd4 {[%clk 00:10:24]} {[%emt 00:00:01]} d6 {[%clk 00:10:11]} {[%emt
00:00:01]} 6. Nf3 {[%clk 00:10:24]} {[%emt 00:00:04]} Nc6 {[%clk 00:10:11]}
{[%emt 00:00:06]} 7. Be2 {[%clk 00:10:22]} {[%emt 00:00:07]} g6 {[%clk
00:09:54]} {[%emt 00:00:22]} 8. Nc3 {[%clk 00:10:24]} {[%emt 00:00:03]} dxe5
{[%clk 00:08:59]} {[%emt 00:00:59]} 9. dxe5 {[%clk 00:10:04]} {[%emt 00:00:25]}
Nxc3 {[%clk 00:09:01]} {[%emt 00:00:04]} 10. Qxd8+ {[%clk 00:10:07]} {[%emt
00:00:02]} Nxd8 {[%clk 00:08:46]} {[%emt 00:00:20]} 11. bxc3 {[%clk 00:10:10]}
{[%emt 00:00:02]} Bg7 {[%clk 00:08:43]} {[%emt 00:00:08]} 12. Bb5+ {[%clk
00:09:21]} {[%emt 00:00:54]} Bd7 {[%clk 00:08:11]} {[%emt 00:00:37]} 13. Bxd7+
{[%clk 00:09:24]} {[%emt 00:00:02]} Kxd7 {[%clk 00:08:15]} {[%emt 00:00:01]} 14.
Ba3 {[%clk 00:09:25]} {[%emt 00:00:04]} Nc6 {[%clk 00:08:04]} {[%emt 00:00:16]}
15. Rd1+ {[%clk 00:09:27]} {[%emt 00:00:03]} Kc7 {[%clk 00:08:07]} {[%emt
00:00:02]} 16. O-O {[%clk 00:08:43]} {[%emt 00:00:49]} Nxe5 {[%clk 00:07:28]}
{[%emt 00:00:44]} 17. Nxe5 {[%clk 00:08:41]} {[%emt 00:00:06]} Bxe5 {[%clk
00:07:32]} {[%emt 00:00:02]} 18. Bxe7 {[%clk 00:08:44]} {[%emt 00:00:02]} Rhe8
{[%clk 00:07:33]} {[%emt 00:00:04]} 19. Bh4 {[%clk 00:08:16]} {[%emt 00:00:32]}
Rac8 {[%clk 00:07:15]} {[%emt 00:00:24]} 20. Bg3 {[%clk 00:04:42]} {[%emt
00:03:38]} f5 {[%clk 00:05:08]} {[%emt 00:02:13]} 21. Rfe1 {[%clk 00:03:54]}
{[%emt 00:00:53]} Bxg3 {[%emt 00:00:13]} 22. hxg3 {[%clk 00:03:49]} {[%emt
00:00:08]} Rcd8 {[%clk 00:04:05]} {[%emt 00:01:02]} 23. Kf1 {[%clk 00:02:44]}
{[%emt 00:01:10]} Rxd1 {[%clk 00:03:58]} {[%emt 00:00:11]} 24. Rxd1 {[%clk
00:02:47]} {[%emt 00:00:03]} Kc6 {[%clk 00:04:02]} 25. Rd4 {[%clk 00:02:29]}
{[%emt 00:00:22]} b5 {[%clk 00:03:10]} {[%emt 00:00:57]} 26. a4 {[%clk
00:02:06]} {[%emt 00:00:29]} a5 {[%clk 00:03:14]} {[%emt 00:00:01]} 27. axb5+
{[%clk 00:01:48]} {[%emt 00:00:23]} Kxb5 {[%clk 00:03:18]} {[%emt 00:00:02]} 28.
Rd7 {[%clk 00:01:51]} Re6 {[%clk 00:01:51]} {[%emt 00:01:32]} 29. Rd5+ {[%clk
00:01:02]} {[%emt 00:00:55]} Ka4 {[%clk 00:01:45]} {[%emt 00:00:11]} 30. c4
{[%clk 00:00:49]} {[%emt 00:00:18]} Rc6 {[%clk 00:01:35]} {[%emt 00:00:15]} 31.
Ke2 {[%clk 00:00:44]} {[%emt 00:00:10]} Rxc4 {[%clk 00:01:33]} {[%emt
00:00:06]} 32. Kd3 {[%clk 00:00:46]} {[%emt 00:00:03]} Rc7 {[%clk 00:01:11]}
{[%emt 00:00:27]} 33. Rd6 {[%clk 00:00:47]} {[%emt 00:00:04]} Kb5 {[%clk
00:01:06]} {[%emt 00:00:11]} 34. Rd5+ {[%clk 00:00:50]} {[%emt 00:00:01]} Kb4
{[%clk 00:01:00]} {[%emt 00:00:12]} 35. Rd8 {[%clk 00:00:51]} {[%emt 00:00:04]}
Rc5 {[%clk 00:00:44]} {[%emt 00:00:19]} 36. Rb8+ {[%clk 00:00:50]} {[%emt
00:00:07]} Rb5 {[%clk 00:00:48]} 37. Ra8 {[%clk 00:00:55]} a4 {[%clk 00:00:49]}
{[%emt 00:00:05]} 38. Kc2 {[%clk 00:00:59]} a3 {[%clk 00:00:46]} {[%emt
00:00:09]} 39. Kb1 {[%clk 00:01:02]} {[%emt 00:00:01]} Kb3 {[%clk 00:00:47]}
{[%emt 00:00:03]} 40. Ra7 {[%clk 00:00:55]} {[%emt 00:00:13]} h5 {[%clk
00:00:14]} {[%emt 00:00:37]} 41. Ra8 {[%clk 00:00:54]} {[%emt 00:00:06]} Kc3+
{[%clk 00:00:14]} {[%emt 00:00:05]} 42. Ka1 {[%clk 00:00:48]} {[%emt 00:00:11]}
Kd3 {[%clk 00:00:08]} {[%emt 00:00:11]} 43. Rxa3+ {[%clk 00:00:48]} {[%emt
00:00:07]} Ke2 {[%clk 00:00:12]} 44. Rf3 {[%clk 00:00:36]} {[%emt 00:00:17]}
Kf1 {[%clk 00:00:14]} {[%emt 00:00:03]} 45. Rf4 {[%clk 00:00:29]} {[%emt
00:00:12]} Kxg2 {[%clk 00:00:17]} {[%emt 00:00:02]} 46. Ka2 {[%clk 00:00:26]}
{[%emt 00:00:09]} Rd5 {[%clk 00:00:14]} {[%emt 00:00:06]} 47. Kb3 {[%clk
00:00:24]} {[%emt 00:00:08]} Rd3+ {[%clk 00:00:12]} {[%emt 00:00:07]} 48. Kc4
{[%clk 00:00:24]} {[%emt 00:00:05]} Rf3 {[%clk 00:00:15]} {[%emt 00:00:02]} 49.
Rd4 {[%clk 00:00:28]} {[%emt 00:00:01]} Kxf2 {[%clk 00:00:15]} {[%emt
00:00:06]} 50. Rd6 {[%clk 00:00:31]} Rxg3 {[%clk 00:00:17]} {[%emt 00:00:02]}
51. Kd4 {[%clk 00:00:36]} h4 {[%clk 00:00:18]} {[%emt 00:00:04]} 0-1

[Event "World Youth & Cadets Rapid Championships"]
[Site "Rhodes, Greece"]
[Date "2022.05.01"]
[Round "2.8"]
[White "Rakhmatullaev, Almas"]
[Black "Mikko, Rondo"]
[Result "1-0"]
[TimeControl "10'/game & 5\"/move"]
[WhiteElo "2050"]
[BlackElo "1892"]

1. e4 {[%clk 00:10:06]} {[%emt 00:00:03]} e5 {[%clk 00:10:03]} {[%emt
00:00:09]} 2. Nf3 {[%clk 00:10:00]} {[%emt 00:00:10]} Nc6 {[%clk 00:10:05]}
{[%emt 00:00:03]} 3. Bb5 {[%clk 00:09:58]} {[%emt 00:00:06]} a6 {[%clk
00:10:08]} {[%emt 00:00:02]} 4. Ba4 {[%clk 00:10:02]} {[%emt 00:00:02]} d6
{[%clk 00:10:11]} {[%emt 00:00:01]} 5. c3 {[%clk 00:09:54]} {[%emt 00:00:13]}
Bd7 {[%clk 00:10:14]} {[%emt 00:00:03]} 6. O-O {[%clk 00:09:37]} {[%emt
00:00:21]} g6 {[%clk 00:10:15]} {[%emt 00:00:05]} 7. d4 {[%clk 00:09:21]}
{[%emt 00:00:21]} Bg7 {[%clk 00:10:17]} {[%emt 00:00:02]} 8. Re1 {[%clk
00:08:56]} {[%emt 00:00:30]} Qe7 {[%clk 00:09:23]} {[%emt 00:00:59]} 9. dxe5
{[%clk 00:07:12]} {[%emt 00:01:49]} Nxe5 {[%clk 00:09:14]} {[%emt 00:00:15]} 10.
Nxe5 {[%clk 00:06:48]} {[%emt 00:00:29]} dxe5 {[%clk 00:07:49]} {[%emt
00:01:30]} 11. Bxd7+ {[%clk 00:05:14]} {[%emt 00:01:39]} Qxd7 {[%clk 00:07:52]}
{[%emt 00:00:01]} 12. Qb3 {[%clk 00:05:18]} Qb5 {[%clk 00:07:33]} {[%emt
00:00:25]} 13. Qxb5+ {[%clk 00:03:49]} {[%emt 00:01:34]} axb5 {[%clk 00:07:36]}
{[%emt 00:00:02]} 14. Na3 {[%clk 00:03:53]} {[%emt 00:00:01]} c6 {[%clk
00:07:25]} {[%emt 00:00:16]} 15. c4 {[%clk 00:03:53]} {[%emt 00:00:05]} bxc4
{[%clk 00:05:43]} {[%emt 00:01:47]} 16. Nxc4 {[%clk 00:03:56]} {[%emt
00:00:01]} b5 {[%clk 00:05:46]} {[%emt 00:00:02]} 17. Nb6 {[%clk 00:03:04]}
{[%emt 00:00:57]} Rb8 {[%clk 00:03:16]} {[%emt 00:02:36]} 18. Be3 {[%clk
00:03:07]} {[%emt 00:00:02]} Nf6 {[%clk 00:02:54]} {[%emt 00:00:26]} 19. Rac1
{[%clk 00:02:59]} {[%emt 00:00:13]} O-O {[%clk 00:02:19]} {[%emt 00:00:41]} 20.
Rxc6 {[%clk 00:02:47]} {[%emt 00:00:16]} Nxe4 {[%clk 00:01:52]} {[%emt
00:00:33]} 21. f3 {[%clk 00:01:33]} {[%emt 00:01:18]} Nf6 {[%clk 00:01:49]}
{[%emt 00:00:09]} 22. Rd1 {[%clk 00:01:04]} {[%emt 00:00:34]} Rb7 {[%clk
00:01:32]} {[%emt 00:00:22]} 23. Bg5 {[%clk 00:00:42]} {[%emt 00:00:26]} Nh5
{[%clk 00:01:24]} {[%emt 00:00:14]} 24. Nd7 {[%clk 00:00:30]} {[%emt 00:00:16]}
Re8 {[%clk 00:01:07]} {[%emt 00:00:23]} 25. g4 {[%clk 00:00:17]} {[%emt
00:00:18]} Nf4 {[%clk 00:00:59]} {[%emt 00:00:12]} 26. Nf6+ {[%clk 00:00:16]}
{[%emt 00:00:07]} Bxf6 {[%clk 00:00:53]} {[%emt 00:00:11]} 27. Bxf6 {[%clk
00:00:19]} {[%emt 00:00:01]} h5 {[%clk 00:00:32]} {[%emt 00:00:26]} 28. Kf2
{[%clk 00:00:14]} {[%emt 00:00:10]} hxg4 {[%clk 00:00:33]} {[%emt 00:00:05]} 29.
fxg4 {[%clk 00:00:17]} {[%emt 00:00:02]} e4 {[%clk 00:00:37]} 30. Ke3 {[%clk
00:00:11]} {[%emt 00:00:11]} Ng2+ {[%clk 00:00:24]} {[%emt 00:00:18]} 31. Kf2
{[%clk 00:00:10]} {[%emt 00:00:06]} Nf4 {[%clk 00:00:27]} {[%emt 00:00:02]} 32.
Kg3 {[%clk 00:00:07]} {[%emt 00:00:08]} Ne2+ {[%clk 00:00:15]} {[%emt
00:00:17]} 33. Kh4 {[%clk 00:00:09]} {[%emt 00:00:04]} Nf4 {[%clk 00:00:18]}
{[%emt 00:00:02]} 34. Rf1 {[%clk 00:00:07]} {[%emt 00:00:06]} Ng2+ {[%clk
00:00:11]} {[%emt 00:00:11]} 35. Kg3 {[%clk 00:00:10]} {[%emt 00:00:03]} Ne3
{[%clk 00:00:14]} {[%emt 00:00:01]} 36. Re1 {[%clk 00:00:09]} {[%emt 00:00:07]}
Nd5 {[%clk 00:00:18]} 37. Bd4 {[%clk 00:00:11]} {[%emt 00:00:03]} Rd7 {[%clk
00:00:19]} {[%emt 00:00:05]} 38. Rxe4 {[%clk 00:00:10]} {[%emt 00:00:06]} Ra8
{[%clk 00:00:12]} {[%emt 00:00:12]} 39. Bc5 {[%clk 00:00:07]} {[%emt 00:00:07]}
f5 {[%clk 00:00:15]} {[%emt 00:00:02]} 40. Rxg6+ {[%clk 00:00:10]} {[%emt
00:00:02]} Kf7 {[%clk 00:00:18]} {[%emt 00:00:02]} 41. gxf5 {[%clk 00:00:13]}
{[%emt 00:00:02]} Rxa2 {[%clk 00:00:13]} {[%emt 00:00:10]} 42. Bd4 {[%clk
00:00:16]} {[%emt 00:00:02]} Re7 {[%clk 00:00:11]} {[%emt 00:00:07]} 43. Rg7+
{[%clk 00:00:13]} {[%emt 00:00:08]} Kf8 {[%clk 00:00:15]} {[%emt 00:00:01]} 44.
Rgxe7 {[%clk 00:00:15]} {[%emt 00:00:03]} Nxe7 {[%clk 00:00:14]} {[%emt
00:00:06]} 45. Bc5 {[%clk 00:00:18]} {[%emt 00:00:02]} 1-0

[Event "World Youth & Cadets Rapid Championships"]
[Site "Rhodes, Greece"]
[Date "2022.05.01"]
[Round "2.9"]
[White "Hagner, Bennet"]
[Black "Gurel, Ediz"]
[Result "1-0"]
[TimeControl "10'/game & 5\"/move"]
[WhiteElo "2186"]
[BlackElo "1779"]

1. e4 {[%clk 00:10:09]} {[%emt 00:08:09]} c5 {[%clk 00:10:10]} {[%emt
00:00:01]} 2. Nf3 {[%clk 00:10:13]} {[%emt 00:00:01]} e6 {[%clk 00:10:14]}
{[%emt 00:00:01]} 3. d4 {[%clk 00:10:17]} cxd4 {[%clk 00:10:17]} {[%emt
00:00:02]} 4. Nxd4 {[%clk 00:10:21]} {[%emt 00:00:01]} Nc6 {[%clk 00:10:22]}
{[%emt 00:00:01]} 5. Nc3 {[%clk 00:10:24]} {[%emt 00:00:02]} Qc7 {[%clk
00:10:26]} {[%emt 00:00:01]} 6. Be3 {[%clk 00:10:27]} {[%emt 00:00:01]} a6
{[%clk 00:10:30]} {[%emt 00:00:02]} 7. Qf3 {[%clk 00:10:30]} {[%emt 00:00:02]}
Nf6 {[%emt 00:00:08]} 8. O-O-O {[%clk 00:10:32]} Ne5 {[%clk 00:10:23]} 9. Qg3
{[%clk 00:10:35]} {[%emt 00:00:12]} b5 {[%clk 00:10:27]} 10. Bxb5 {[%clk
00:10:30]} {[%emt 00:00:11]} axb5 {[%clk 00:10:26]} 11. Ndxb5 {[%clk 00:10:34]}
{[%emt 00:00:08]} Qb8 {[%clk 00:10:15]} 12. Bf4 {[%clk 00:10:30]} {[%emt
00:00:23]} d6 {[%clk 00:10:18]} 13. Rxd6 {[%clk 00:10:26]} {[%emt 00:00:12]}
Nh5 {[%emt 00:00:28]} 14. Qg5 {[%clk 00:10:21]} {[%emt 00:00:09]} Bxd6 {[%clk
00:09:59]} {[%emt 00:00:02]} 15. Nxd6+ {[%clk 00:10:23]} {[%emt 00:00:03]} Qxd6
{[%clk 00:10:02]} {[%emt 00:00:02]} 16. Bxe5 {[%clk 00:10:26]} {[%emt
00:00:02]} Ra5 {[%clk 00:09:56]} {[%emt 00:00:11]} 17. Nd5 {[%clk 00:10:23]}
{[%emt 00:00:08]} Rxd5 {[%clk 00:08:29]} {[%emt 00:01:32]} 18. exd5 {[%clk
00:10:16]} {[%emt 00:00:13]} Qxd5 {[%clk 00:06:26]} {[%emt 00:02:08]} 19. Rd1
{[%clk 00:10:03]} {[%emt 00:00:18]} Qa5 {[%clk 00:06:06]} {[%emt 00:00:25]} 20.
b4 {[%clk 00:05:30]} {[%emt 00:04:37]} Qb6 {[%clk 00:04:57]} {[%emt 00:01:14]}
21. Rd6 {[%clk 00:04:50]} {[%emt 00:00:46]} h6 {[%clk 00:04:26]} {[%emt
00:00:35]} 22. Qd2 {[%clk 00:04:02]} {[%emt 00:00:53]} Qc7 {[%clk 00:03:45]}
{[%emt 00:00:47]} 23. Rxe6+ {[%clk 00:03:47]} {[%emt 00:00:19]} Bxe6 {[%clk
00:03:48]} {[%emt 00:00:02]} 24. Bxc7 {[%clk 00:03:51]} {[%emt 00:00:01]} O-O
{[%clk 00:03:52]} {[%emt 00:00:02]} 25. b5 {[%clk 00:03:41]} {[%emt 00:00:15]}
Nf6 {[%emt 00:00:18]} 26. b6 {[%clk 00:03:11]} {[%emt 00:00:29]} Nd5 {[%clk
00:03:07]} {[%emt 00:00:42]} 27. c4 {[%clk 00:02:52]} {[%emt 00:00:25]} Nxc7
{[%clk 00:02:34]} {[%emt 00:00:38]} 28. bxc7 {[%clk 00:02:55]} {[%emt
00:00:02]} Bxc4 {[%clk 00:02:36]} {[%emt 00:00:02]} 29. Qd8 {[%clk 00:02:52]}
{[%emt 00:00:08]} Ba6 {[%clk 00:02:40]} {[%emt 00:00:01]} 30. Kb2 {[%clk
00:02:30]} {[%emt 00:00:27]} f5 {[%clk 00:02:37]} {[%emt 00:00:09]} 31. Kc3
{[%clk 00:02:26]} {[%emt 00:00:08]} Kf7 {[%emt 00:00:46]} 32. Qd7+ {[%clk
00:02:23]} {[%emt 00:00:05]} Kg6 {[%emt 00:00:06]} 33. Qe6+ {[%clk 00:10:05]}
{[%emt 00:00:12]} 1-0